Cambridge Phrasal Verbs Dictionary

Bibliografiset tiedot
Muut tekijät: Walter E. Elizabeth (редактор)
Yhteenveto:The new edition of the Cambridge Phrasal Verbs Dictionary covers around 6,000 phrasal verbs current in British, American, and Australian English. Clear explanations and guidance help learners master this difficult yet essential aspect of the English language. Fully updated with new phrasal verbs, e.g. cosy up to, copy in, sex up Clear advice on grammar and usage Thousands of example sentences show phrasal verbs in typical contexts Most common phrasal verbs highlighted so students know which to learn A thematic section shows phrasal verbs in topic groups for vocabulary expansion This new edition of the Cambridge Phrasal Verbs Dictionary provides clear and simple explanations of around 6,000 phrasal verbs current in British, American and Australian English today.
Kieli:englanti
Julkaistu: Cambridge, Cambridge University Press, 2006
Painos:2nd ed.
Aiheet:
Aineistotyyppi: Kirja
KOHA link:https://koha.lib.tpu.ru/cgi-bin/koha/opac-detail.pl?biblionumber=209252

MARC

LEADER 00000nam0a2200000 4500
001 209252
005 20231101225526.0
010 |a 052167770X 
035 |a (RuTPU)RU\TPU\book\228575 
090 |a 209252 
100 |a 20120210d2006 m y0engy50 ba 
101 0 |a eng 
102 |a GB 
105 |a a e 000zy 
200 1 |a Cambridge Phrasal Verbs Dictionary  |f ed. E. Walter 
205 |a 2nd ed. 
210 |a Cambridge  |c Cambridge University Press  |d 2006 
215 |a 416 p.  |c il. 
330 |a The new edition of the Cambridge Phrasal Verbs Dictionary covers around 6,000 phrasal verbs current in British, American, and Australian English. Clear explanations and guidance help learners master this difficult yet essential aspect of the English language. Fully updated with new phrasal verbs, e.g. cosy up to, copy in, sex up Clear advice on grammar and usage Thousands of example sentences show phrasal verbs in typical contexts Most common phrasal verbs highlighted so students know which to learn A thematic section shows phrasal verbs in topic groups for vocabulary expansion This new edition of the Cambridge Phrasal Verbs Dictionary provides clear and simple explanations of around 6,000 phrasal verbs current in British, American and Australian English today. 
606 1 |a Английский язык  |x Словари  |2 stltpush  |3 (RuTPU)RU\TPU\subj\69128  |9 84097 
606 1 |a Английский язык  |x Фразеология, идиоматика  |2 stltpush  |3 (RuTPU)RU\TPU\subj\29059  |9 52471 
610 1 |a лексика 
610 1 |a грамматика 
610 1 |a фразовые глаголы 
686 |a Ш143.21-4  |v LBC/SL-A  |2 rubbk 
686 |a Ш143.21-33  |v LBC/SL-A  |2 rubbk 
702 1 |a Walter  |b E.  |g Elizabeth  |4 340 
801 1 |a RU  |b 63413507  |c 20120210 
801 2 |a RU  |b 63413507  |c 20120306  |g RCR 
942 |c BK